000
00319nam a22001457a 4500
008
210312b ||||| |||| 00| 0 eng d
020
_a
0030332222
041
_a
eng
080
_a
616.073
082
_a
616.073
100
_a
6
101
_a
GJEN
245
_a
The Science of Genetics
_c
Atherly,G.A
942
_2
udc
_c
BK
999
_c
56532
_d
56532